000 00367nam a22001217a 4500
999 _c3325
_d3325
008 200608b ||||| |||| 00| 0 eng d
110 _92796
_aInstitute of Chartered Shipbrokers
245 1 0 _aLiner trade /
_cby Institute of Chartered Shipbrokers
260 _aLondon :
_bInstitute of Chartered Shipbrokers,
_c2010.
300 _ac
650 0 _aShips--Cargo
942 _cBK